000 00688nam a22002417a 4500
008 130623b xxu||||| |||| 00| 0 eng d
020 _a978-8176-489263
024 _cAvailable
037 _cAvailable
040 _aMBSTU LIBRARY
_dMBSTU LIBRARY
082 _222
_a664.0288 MAF
100 _aMahindru, S.N.
245 _aFood preservation and irradiation.
260 _aNew Delhi
_bAPH Publishing Corporation.
_c2010
300 _a23 cm.
_b231 page
_f2
_g23 cm.
600 _2Irradiation.
650 _2Irradiation.
700 _aMahindru, S.N.
270 _aNew Delhi
_bNew Delhi
_dIndia
365 _b693.00
_d693.00
942 _2ddc
_cBK
999 _c528
_d528